Welcome to WEB OPAC of MRSPTU Central Library

Research methodology In management (Record no. 5591)

MARC details
000 -LEADER
fixed length control field 00426nam a2200169Ia 4500
008 - FIXED-LENGTH DATA ELEMENTS--GENERAL INFORMATION
fixed length control field 230711s9999||||xx |||||||||||||| ||und||
020 ## - INTERNATIONAL STANDARD BOOK NUMBER
International Standard Book Number 978-81-8488-926-0
041 ## - LANGUAGE CODE
Language code of text/sound track or separate title ENG
082 ## - DEWEY DECIMAL CLASSIFICATION NUMBER
Classification number 658
Item number MI-R
100 ## - MAIN ENTRY--PERSONAL NAME
Personal name Michael,V.P
245 #0 - TITLE STATEMENT
Title Research methodology In management
250 ## - EDITION STATEMENT
Edition statement 5th Ed.
260 ## - PUBLICATION, DISTRIBUTION, ETC.
Date of publication, distribution, etc. 2000
Place of publication, distribution, etc. Mumbai
Name of publisher, distributor, etc. Himalaya Publishing House
300 ## - PHYSICAL DESCRIPTION
Extent 338
650 ## - SUBJECT ADDED ENTRY--TOPICAL TERM
Topical term or geographic name entry element UNIVESITY BUSNIESS SCHOOL
942 ## - ADDED ENTRY ELEMENTS (KOHA)
Koha item type Book
Holdings
Withdrawn status Lost status Damaged status Not for loan Collection Home library Current library Date acquired Total checkouts Full call number Barcode Date last seen Price effective from Koha item type Date last checked out
          MRSPTU Central Library MRSPTU Central Library     658 MI-R 25361 08/17/2023 08/17/2023 Book  
          MRSPTU Central Library MRSPTU Central Library     658 MI-R 25362 08/17/2023 08/17/2023 Book  
          MRSPTU Central Library MRSPTU Central Library   2 658 MI-R 25363 12/10/2025 08/17/2023 Book 12/04/2025
          MRSPTU Central Library MRSPTU Central Library   1 658 MI-R 25364 09/02/2024 08/17/2023 Book 08/02/2024
          MRSPTU Central Library MRSPTU Central Library   1 658 MI-R 25365 09/19/2023 08/17/2023 Book 09/01/2023
          MRSPTU Central Library MRSPTU Central Library     658 MI-R 25366 08/17/2023 08/17/2023 Book  
          MRSPTU Central Library MRSPTU Central Library   1 658 MI-R 25367 02/14/2024 08/17/2023 Book 08/30/2023
          MRSPTU Central Library MRSPTU Central Library     658 MI-R 25368 08/17/2023 08/17/2023 Book  
          MRSPTU Central Library MRSPTU Central Library     658 MI-R 25369 08/17/2023 08/17/2023 Book  
          MRSPTU Central Library MRSPTU Central Library     658 MI-R 25370 08/17/2023 08/17/2023 Book  

Website Designed and Developed by MRSPTU Central Library Team

E-mail Id: librarian@mrsptu.ac.in